Komentár k novele zákona o správe daní
Novela zákona č. 511/1992 Zb. o správe daní a poplatkov zákonom č. 215/2007 Z.z. Komentár k zákonu s príkladmi.
Gespeichert in:
| 1. Verfasser: | |
|---|---|
| Weitere Verfasser: | |
| Format: | Buchkapitel |
| Sprache: | Slowakisch |
| Schlagworte: | |
| Tags: |
Keine Tags, Fügen Sie das erste Tag hinzu!
|
MARC
| LEADER | 00000naa$a2200000$$$4500 | ||
|---|---|---|---|
| 001 | 0059711 | ||
| 005 | 20231114095705.7 | ||
| 041 | 0 | |a slo | |
| 044 | |a SK | ||
| 245 | 1 | 0 | |a Komentár k novele zákona o správe daní |c Marcela Beňová, Mária Janegová |
| 520 | |a Novela zákona č. 511/1992 Zb. o správe daní a poplatkov zákonom č. 215/2007 Z.z. Komentár k zákonu s príkladmi. | ||
| 610 | 2 | 0 | |a dane |
| 610 | 2 | 0 | |a poplatky |
| 610 | 2 | 0 | |a správa daňová |
| 610 | 2 | 0 | |a zákony |
| 610 | 2 | 0 | |a komentáre |
| 100 | 1 | |a Beňová, Marcela | |
| 700 | 1 | |a Janegová, Mária | |